000
00304nam a22001217a 4500
008
180522b xxu||||| |||| 00| 0 eng d
041
_a
eng
080
_a
043.3
100
_a
0
101
_a
ARK-BA
245
_a
Institucion Edukativ: Shkolle per Femijet me Nevoja te Vecanta
_c
Jakaj, E
942
_2
udc
_c
BK
999
_c
46181
_d
46181